Economics and the future: time and discounting in private and public decision making
Guardat en:
| Altres autors: | , |
|---|---|
| Format: | Llibre |
| Idioma: | anglès |
| Publicat: |
Cheltenham
Edward Elgar
2006
|
| Matèries: | |
| Etiquetes: |
Afegir etiqueta
Sense etiquetes, Sigues el primer a etiquetar aquest registre!
|
MARC
| LEADER | 00000nam a2200000 a 4500 | ||
|---|---|---|---|
| 001 | UCG5429 | ||
| 003 | CL-VaPUC | ||
| 005 | 20231123110737.0 | ||
| 008 | 110303e20060000uk |||||||||||||||||eng|d | ||
| 999 | |c 343946 |d 343944 | ||
| 020 | |a 9781843767558 | ||
| 040 | |c Pontificia Universidad Católica de Valparaíso | ||
| 082 | 0 | 4 | |a 658.15 |b PAN |2 21 |
| 100 | |a Pannell, David J. |e editor |9 555156 | ||
| 245 | 1 | 0 | |a Economics and the future: time and discounting in private and public decision making |
| 260 | |a Cheltenham |b Edward Elgar |c 2006 | ||
| 300 | |a 182 p | ||
| 583 | |a last modification |c 20150511 04:41:42 |k Rodrigo Vera | ||
| 650 | 0 | |a Toma de decisiones |9 257530 | |
| 650 | 0 | |a Costos |9 261063 | |
| 650 | 0 | |a Análisis de costos |9 315627 | |
| 650 | 0 | |a Capital |9 263726 | |
| 700 | |a Schilizzi, Steven G. M. |e editor |9 880366 | ||
| 942 | |c BK |2 ddc | ||
| 945 | |d 20110303 00:00:00 |a dcastane | ||
| 952 | |0 0 |1 0 |4 0 |6 658_150000000000000_PAN_2006 |7 0 |8 CCM |9 441663 |a BIBCUR |b BIBCUR |d 2019-11-22 |i 4752686 |o 658.15 PAN 2006 |p 4752686 |r 2025-04-22 |w 2019-11-22 |y BK |k CIM | ||